000 00425nam a2200157Ia 4500
008 240729s9999 xx 000 0 und d
022 _a2455-7099
245 0 _aJournal of Pediatric Critical Care
260 _aIndia
260 _bWolters Kluwer Medknow Publications
650 _a Pediatrics
650 _aMedicine
856 _uhttps://doaj.org/toc/ea4587a69c0741de9bd9bb8cc23153b8
942 _2ddc
942 _cDOAJEJ
999 _c72410
_d72410
945 _a1
_bMadushi Gamage
_c1
_dMadushi Gamage